000 00924nam a2200205Ia 4500
999 _c38759
_d38759
001 5093
003 GE_BSU
005 20190524152301.0
008 181216s1964||||go |||||||||||||| ||geo||
040 _cGE_BSU
041 _ageo
080 _a69 უ-66
245 _aუსაფრთხოების ტექნიკის წესები სამშენებლო-სამონტაჟო სამუშაოებისათვის /
_cრედ. ნ. გონაშვილი.
250 _aმე 3-მე შესწორ. გამოცემა.
264 _aთბილისი :
_bსაბჭოთა საქართველო,
_c1964.
300 _a244 გვ.;
_c22 სმ.
653 _aუსაფრთხოების ტექნიკის წესები.
700 _aგონაშვილი, ნ.
_eრედაქტორი
_91567
942 _cBK
_2udc